000 00619nmm a2200229 a 4500
003 AR-X00000XY
005 20251128212014.0
008 117020s1936 ||||||||||||||000 | spa||
040 _cAR-X00000XY
100 1 _aShakespeare, William
245 1 0 _aLa tragédie de Macbeth
246 1 _aMacbeth
260 _aParis
_bSociété "Les Belles Lettres"
_c1936
300 1 _axxi, 185 p.
500 0 _aCon firma y subrayado de Alejandra Pizarnik
655 _aLITERATURA
700 1 _aDerocquigny, Jules
_etraductor
800 0 _aCollection Shakespeare
810 1 _aKoszul, A.
942 _cBK
998 _cmartin
999 _c22029
_d22029